| Поле | Название | Значение |
| |
Тип записи |
c |
| |
Библиографический уровень |
m |
| 001 |
Контрольный номер |
RU/УОНБ/EK_N/450457973 |
| 005 |
Дата корректировки |
20251219161647.6 |
| 010 |
Индекс ISBN |
__ |
| 9 |
Тираж |
300000 экз. |
| 013 |
Номер (ISMN) |
__ |
| d |
Цена |
50 к. |
| 071 |
Издательские номер (звукозапись и ноты) |
21 |
| a |
Номер, присвоенный агентством |
6706 |
| 100 |
Данные общей обработки |
__ |
| a |
Данные общей обработки |
20140410d1983 u y0rusy0189||||ca |
| 101 |
Язык документа |
0_ |
| a |
Язык текста |
rus |
| 102 |
Страна публикации |
__ |
| a |
Страна публикации |
RU |
| 105 |
Кодированные данные (монография) |
__ |
| a |
Кодированные данные (монография) |
y###||||000|y |
| 125 |
Кодированные данные звукозаписи и нотных изданий |
__ |
| a |
Форма изложения нотного текста |
z| |
| 128 |
Кодированные данные (звукозаписи-физические характеристики) |
__ |
| a |
Кодированные данные: Музыкальная форма и тональность или лад |
ccn |
| c |
Инструменты или голоса, рекомендуемые для солистов (устаревшее) |
vu|| |
| 200 |
Заглавие и сведения об ответственности |
1_ |
| a |
Заглавие |
Березовые сны |
| e |
Сведения, относящиеся к заглавию |
песенник |
| e |
Сведения, относящиеся к заглавию |
[для пения (соло, ансамбль, хор) с букв.-цифровым обозначением сопровожд.] |
| f |
Первые сведения об ответственности |
сост. И. М. Зинкина |
| 210 |
Выходные данные |
1_ |
| a |
Место издания |
Москва |
| c |
Издательство |
Советский композитор |
| d |
Дата издания |
1983 |
| 215 |
Физическое описание |
__ |
| a |
Объем |
64 c. |
| d |
Формат |
21 см |
| 327 |
Примечание о содержании |
11 |
| a |
Примечание о содержании |
Содерж. : Тухманов Д. Россия / сл. М. Ножкина. - Гевиксман В. Березовые сны / сл. Г. Фере. - Шаинский В. Родительский дом / сл. М. Рябинина. - Топорков Г. Тополек / сл. В. Елисеева. - Якушенко И. Реки России / сл. Д. Усманова. - Пахмутова А. Шумят хлеба / сл. С. Гребенникова. - Кеслер В. Я росинка твоя / сл. В. Орлова. - Мажуков А. Жизнь / сл. И. Шаферана. - Колмановский Э. Где ты раньше был? / сл. Е. Долматовского ; Ты говоришь мне о любви / сл. Л. Дербенева и И. Шаферана. - Фаттах А. Здравствуй, реченька Паленьга / сл. О. Фокиной. - Новиков А. От любви, подруженьки... / сл. В. Харитонова. - Флярковский А. Радуга / сл. М. Танича. - Хаславский А. Улочки / сл. Б. Дубровина. - Ефимов В. Молчат березки белые / сл. Н. Карева. - Фиготин Б. У любви нет заката / сл. Б. Дубровина. - Гурьев Ю. Цветы последние / сл. Д. Усманова. - Лепин А. Под лежачий камушек / сл. И. Вакса. - Голиков В. Поздняя любовь / сл. А. Дементьева. - Нагибин С. Сегодня снова снежный день / сл. Р. Гамзатова ; пер. И. Озеровой. - Фрадкин М. Где мой дом родной? / сл. А. Боброва. - Аедоницкий П. Радоваться жизни / сл. И. Кохановского. - Григоренко В. Чаечка / сл. М. Пляцковского. - Купревич В. Хоровод / сл. А. Горохова. - Фельцман О. Колыбельная / сл. Р. Гамзатова ; пер. Я. Козловского. - Иващенко Д. Я стою под синим небом / сл. М. Смирновой. - Долуханян А. Ярославская земля / сл. М. Лисянского. - Кузнецов Н. Священный талисман / сл. М. Владимова. - Киселев А. Белая фата / сл. В. Попкова. - Френкель Я. Вальс расставания / сл. К. Ваншенкина. - Туликов С. Не повторяется такое никогда / сл. М. Пляцковского. - Абрамов А. Назначай свидание / сл. Р. Плаксина. - Терентьев Б. Бабушка / сл. Н. Доризо. - Сапрыкин В. Переедем через речку / сл. Л. Ошанина. - Львов-Компанеец Д. Плыву к тебе / сл. М. Танича. - Крылатов Е. Ольховая сережка / сл. Е. Евтушенко. - Птичкин Е. Цветы России / сл. В. Бутенко. |
| 464 |
Аналитический уровень |
_0 |
| 1 |
|
2001 |
| a |
|
Россия |
| e |
|
Я люблю тебя, Россия... |
| 1 |
|
700 1 |
| a |
|
Тухманов |
| b |
|
Д. |
| 1 |
|
702 1 |
| a |
|
Ножкин |
| b |
|
М. |
| 4 |
|
520 |
| 464 |
Аналитический уровень |
_0 |
| 1 |
|
2001 |
| a |
|
Березовые сны |
| e |
|
Земля снегов и лебединых облаков... |
| 1 |
|
700 1 |
| a |
|
Гевиксман |
| b |
|
В. |
| 1 |
|
702 1 |
| a |
|
Фере |
| b |
|
Г. |
| 4 |
|
520 |
| 464 |
Аналитический уровень |
_0 |
| 1 |
|
2001 |
| a |
|
Родительский дом |
| e |
|
Где бы ни были мы, но по-прежнему... |
| 1 |
|
700 1 |
| a |
|
Шаинский |
| b |
|
В. |
| 1 |
|
702 1 |
| a |
|
Рябинин |
| b |
|
М. |
| 4 |
|
520 |
| 464 |
Аналитический уровень |
_0 |
| 1 |
|
2001 |
| a |
|
Реки России |
| e |
|
Реки России, как вы весной широки!.. |
| 1 |
|
700 1 |
| a |
|
Топорков |
| b |
|
Г. |
| 1 |
|
702 1 |
| a |
|
Усманов |
| b |
|
Д. |
| 4 |
|
520 |
| 464 |
Аналитический уровень |
_0 |
| 1 |
|
2001 |
| a |
|
Шумят хлеба |
| e |
|
Солдатской службы срок окончился уже... |
| 1 |
|
700 1 |
| a |
|
Пахмутова |
| b |
|
А. |
| 1 |
|
702 1 |
| a |
|
Гребенников |
| b |
|
С. |
| 4 |
|
520 |
| 464 |
Аналитический уровень |
_0 |
| 1 |
|
2001 |
| a |
|
Я росинка твоя |
| e |
|
По росистой тропинке... |
| 1 |
|
700 1 |
| a |
|
Кеслер |
| b |
|
В. |
| 1 |
|
702 1 |
| a |
|
Орлов |
| b |
|
В. |
| 4 |
|
520 |
| 464 |
Аналитический уровень |
_0 |
| 1 |
|
2001 |
| a |
|
Жизнь |
| e |
|
Так случается порою... |
| 1 |
|
700 1 |
| a |
|
Мажуков |
| b |
|
А. |
| 1 |
|
702 1 |
| a |
|
Шаферан |
| b |
|
И. |
| 4 |
|
520 |
| 464 |
Аналитический уровень |
_0 |
| 1 |
|
2001 |
| a |
|
Где ты раньше был? |
| e |
|
Полюбить тебя уж не хватит сил... |
| 1 |
|
700 1 |
| a |
|
Колмановский |
| b |
|
Э. |
| 1 |
|
702 1 |
| a |
|
Долматовский |
| b |
|
Е. |
| 4 |
|
520 |
| 464 |
Аналитический уровень |
_0 |
| 1 |
|
2001 |
| a |
|
Ты говоришь мне о любви |
| e |
|
Ты говоришь мне о любви... |
| e |
|
из тф. "Три дня в Москве" |
| 1 |
|
700 1 |
| a |
|
Колмановский |
| b |
|
Э. |
| 1 |
|
702 1 |
| a |
|
Дербенев |
| b |
|
Л. |
| 4 |
|
520 |
| 1 |
|
702 1 |
| a |
|
Шаферан |
| b |
|
И. |
| 4 |
|
520 |
| 464 |
Аналитический уровень |
_0 |
| 1 |
|
2001 |
| a |
|
Здравствуй, реченька Паленьга |
| e |
|
Здравствуй, реченька Паленьга... |
| 1 |
|
700 1 |
| a |
|
Фаттах |
| b |
|
А. |
| 1 |
|
702 1 |
| a |
|
Фокина |
| b |
|
О. |
| 4 |
|
520 |
| 464 |
Аналитический уровень |
_0 |
| 1 |
|
2001 |
| a |
|
От любви, подруженьки... |
| e |
|
Травы низко стелятся... |
| 1 |
|
700 1 |
| a |
|
Новиков |
| b |
|
А. |
| 1 |
|
702 1 |
| a |
|
Харитонов |
| b |
|
В. |
| 4 |
|
520 |
| 464 |
Аналитический уровень |
_0 |
| 1 |
|
2001 |
| a |
|
Радуга |
| e |
|
А ты любви моей не понял... |
| 1 |
|
700 1 |
| a |
|
Флярковский |
| b |
|
А. |
| 1 |
|
702 1 |
| a |
|
Танич |
| b |
|
М. |
| 4 |
|
520 |
| 464 |
Аналитический уровень |
_0 |
| 1 |
|
2001 |
| a |
|
Улочки |
| e |
|
Улочка, ты не забыта... |
| 1 |
|
700 1 |
| a |
|
Хаславский |
| b |
|
А. |
| 1 |
|
702 1 |
| a |
|
Дубровин |
| b |
|
Б. |
| 4 |
|
520 |
| 464 |
Аналитический уровень |
_0 |
| 1 |
|
2001 |
| a |
|
Молчат березки белые |
| e |
|
Молчат березки белые... |
| 1 |
|
700 1 |
| a |
|
Ефимов |
| b |
|
В. |
| 1 |
|
702 1 |
| a |
|
Карев |
| b |
|
Н. |
| 4 |
|
520 |
| 464 |
Аналитический уровень |
_0 |
| 1 |
|
2001 |
| a |
|
У любви нет заката |
| e |
|
Я гляжу на дорогу... |
| 1 |
|
700 1 |
| a |
|
Фиготин |
| b |
|
Б. |
| 1 |
|
702 1 |
| a |
|
Дубровин |
| b |
|
Б. |
| 4 |
|
520 |
| 464 |
Аналитический уровень |
_0 |
| 1 |
|
2001 |
| a |
|
Цветы последние |
| e |
|
Зачем дождинки теплые... |
| 1 |
|
700 1 |
| a |
|
Гурьев |
| b |
|
Ю. |
| 1 |
|
702 1 |
| a |
|
Усманов |
| b |
|
Д. |
| 4 |
|
520 |
| 464 |
Аналитический уровень |
_0 |
| 1 |
|
2001 |
| a |
|
Под лежачий камушек |
| e |
|
За рекой гармонь играет... |
| 1 |
|
700 1 |
| a |
|
Лепин |
| b |
|
А. |
| 1 |
|
702 1 |
| a |
|
Вакс |
| b |
|
И. |
| 4 |
|
520 |
| 464 |
Аналитический уровень |
_0 |
| 1 |
|
2001 |
| a |
|
Поздняя любовь |
| e |
|
Поздняя любовь, как та весна... |
| 1 |
|
700 1 |
| a |
|
Голиков |
| b |
|
В. |
| 1 |
|
702 1 |
| a |
|
Дементьев |
| b |
|
А. |
| 4 |
|
520 |
| 464 |
Аналитический уровень |
_0 |
| 1 |
|
2001 |
| a |
|
Сегодня снова снежный день |
| e |
|
Сегодня снова снежный день... |
| 1 |
|
700 1 |
| a |
|
Нагибин |
| b |
|
С. |
| 1 |
|
702 1 |
| a |
|
Гамзатов |
| b |
|
Р. |
| 4 |
|
520 |
| 1 |
|
702 1 |
| a |
|
Озерова |
| b |
|
И. |
| 4 |
|
730 |
| 464 |
Аналитический уровень |
_0 |
| 1 |
|
2001 |
| a |
|
Где мой дом родной? |
| e |
|
Где мой дом родной?.. |
| 1 |
|
700 1 |
| a |
|
Фрадкин |
| b |
|
М. |
| 1 |
|
702 1 |
| a |
|
Бобров |
| b |
|
А. |
| 4 |
|
520 |
| 464 |
Аналитический уровень |
_0 |
| 1 |
|
2001 |
| a |
|
Радоваться жизни |
| e |
|
Утро, словно миг откровенья... |
| 1 |
|
700 1 |
| a |
|
Аедоницкий |
| b |
|
П. |
| 1 |
|
702 1 |
| a |
|
Кохановский |
| b |
|
И. |
| 4 |
|
520 |
| 464 |
Аналитический уровень |
_0 |
| 1 |
|
2001 |
| a |
|
Чаечка |
| e |
|
Отбилась чаечка от стаи... |
| 1 |
|
700 1 |
| a |
|
Григоренко |
| b |
|
В. |
| 1 |
|
702 1 |
| a |
|
Пляцковский |
| b |
|
М. |
| 4 |
|
520 |
| 464 |
Аналитический уровень |
_0 |
| 1 |
|
2001 |
| a |
|
Хоровод |
| e |
|
Над лесом после заката... |
| 1 |
|
700 1 |
| a |
|
Купревич |
| b |
|
В. |
| 1 |
|
702 1 |
| a |
|
Горохов |
| b |
|
А. |
| 4 |
|
520 |
| 464 |
Аналитический уровень |
_0 |
| 1 |
|
2001 |
| a |
|
Колыбельная |
| e |
|
Какую песню спеть тебе, родная?.. |
| 1 |
|
700 1 |
| a |
|
Фельцман |
| b |
|
О. |
| 1 |
|
702 1 |
| a |
|
Гамзатов |
| b |
|
Р. |
| 4 |
|
520 |
| 1 |
|
702 1 |
| a |
|
Козловский |
| b |
|
Я. |
| 4 |
|
730 |
| 464 |
Аналитический уровень |
_0 |
| 1 |
|
2001 |
| a |
|
Я стою под небом синим |
| e |
|
Я стою под небом синим... |
| 1 |
|
700 1 |
| a |
|
Иващенко |
| b |
|
Д. |
| 1 |
|
702 1 |
| a |
|
Смирнова |
| b |
|
М. |
| 4 |
|
520 |
| 464 |
Аналитический уровень |
_0 |
| 1 |
|
2001 |
| a |
|
Ярославская земля |
| e |
|
Берег за легкой волною... |
| 1 |
|
700 1 |
| a |
|
Долуханян |
| b |
|
А. |
| 1 |
|
702 1 |
| a |
|
Лисянский |
| b |
|
М. |
| 4 |
|
520 |
| 464 |
Аналитический уровень |
_0 |
| 1 |
|
2001 |
| a |
|
Священный талисман |
| e |
|
Ушел солдат служить Отчизне милой... |
| 1 |
|
700 1 |
| a |
|
Кузнецов |
| b |
|
Н. |
| 1 |
|
702 1 |
| a |
|
Владимов |
| b |
|
М. |
| 4 |
|
520 |
| 464 |
Аналитический уровень |
_0 |
| 1 |
|
2001 |
| a |
|
Белая фата |
| e |
|
Мы за одним столом сидим... |
| 1 |
|
700 1 |
| a |
|
Киселев |
| b |
|
А. |
| 1 |
|
702 1 |
| a |
|
Попков |
| b |
|
В. |
| 4 |
|
520 |
| 464 |
Аналитический уровень |
_0 |
| 1 |
|
2001 |
| a |
|
Вальс расставания |
| e |
|
Слышишь, тревожные дуют ветра?.. |
| 1 |
|
700 1 |
| a |
|
Френкель |
| b |
|
Я. |
| 1 |
|
702 1 |
| a |
|
Ваншенкин |
| b |
|
К. |
| 4 |
|
520 |
| 464 |
Аналитический уровень |
_0 |
| 1 |
|
2001 |
| a |
|
Не повторяется такое никогда |
| e |
|
В школьное окно смотрят облака... |
| 1 |
|
700 1 |
| a |
|
Туликов |
| b |
|
С. |
| 1 |
|
702 1 |
| a |
|
Пляцковский |
| b |
|
М. |
| 4 |
|
520 |
| 464 |
Аналитический уровень |
_0 |
| 1 |
|
2001 |
| a |
|
Назначай свидание |
| e |
|
Там, где за околицей... |
| 1 |
|
700 1 |
| a |
|
Абрамов |
| b |
|
А. |
| 1 |
|
702 1 |
| a |
|
Плаксин |
| b |
|
Р. |
| 4 |
|
520 |
| 464 |
Аналитический уровень |
_0 |
| 1 |
|
2001 |
| a |
|
Бабушка |
| e |
|
Спешит на свидание бабушка... |
| 1 |
|
700 1 |
| a |
|
Терентьев |
| b |
|
Б. |
| 1 |
|
702 1 |
| a |
|
Доризо |
| b |
|
Н. |
| 4 |
|
520 |
| 464 |
Аналитический уровень |
_0 |
| 1 |
|
2001 |
| a |
|
Переедем через речку |
| e |
|
Мы не в поле, мы не в доме... |
| 1 |
|
700 1 |
| a |
|
Сапрыкин |
| b |
|
В. |
| 1 |
|
702 1 |
| a |
|
Ошанин |
| b |
|
Л. |
| 4 |
|
520 |
| 464 |
Аналитический уровень |
_0 |
| 1 |
|
2001 |
| a |
|
Плыву к тебе |
| e |
|
Выйдет команда на полубак... |
| 1 |
|
700 1 |
| a |
|
Львов-Компанеец |
| b |
|
Д. |
| 1 |
|
702 1 |
| a |
|
Танич |
| b |
|
М. |
| 4 |
|
520 |
| 464 |
Аналитический уровень |
_0 |
| 1 |
|
2001 |
| a |
|
Ольховая сережка |
| e |
|
Уронит ли ветер в ладони сережку ольховую... |
| e |
|
песня из тф. "И это всё о нем" |
| 1 |
|
700 1 |
| a |
|
Крылатов |
| b |
|
Е. |
| 1 |
|
702 1 |
| a |
|
Евтушенко |
| b |
|
Е. |
| 4 |
|
520 |
| 464 |
Аналитический уровень |
_0 |
| 1 |
|
2001 |
| a |
|
Цветы России |
| e |
|
Цветы России - скромные цветы... |
| 1 |
|
700 1 |
| a |
|
Птичкин |
| b |
|
Е. |
| 1 |
|
702 1 |
| a |
|
Бутенко |
| b |
|
В. |
| 4 |
|
520 |
| 512 |
Заглавие обложки |
1_ |
| a |
Заглавие обложки |
Березовые сны |
| 606 |
Тематические рубрики |
0_ |
| a |
Основная рубрика |
Песни советских композиторов |
| 610 |
Ключевые слова |
0_ |
| a |
Ключевые слова |
песни советских композиторов |
| 610 |
Ключевые слова |
0_ |
| a |
Ключевые слова |
песенники |
| 686 |
Индексы других классификаций |
__ |
| a |
Классификационный индекс |
85.94-99-041(2)я438 |
| 2 |
Код системы |
rubbk |
| 702 |
Вторичная интеллектуальная ответственность |
_1 |
| a |
Фамилия |
Зинкина |
| b |
Имя (инициалы) |
И. М. |
| 4 |
Код отношения |
220 |
| 801 |
Источник записи |
_0 |
| a |
Страна |
RU |
| b |
Организация |
Ульяновская ОНБ |
| c |
Дата составления |
20140410 |
| g |
Правила каталогизации |
RCR |
| 801 |
Источник записи |
_1 |
| a |
Страна |
RU |
| b |
Организация |
Ульяновская ОНБ |
| c |
Дата составления |
20140410 |
| g |
Правила каталогизации |
RCR |
| 901 |
Тип документа |
__ |
| t |
Тип документа |
m |
| 909 |
Создатель записи |
__ |
| a |
Создатель записи |
Сергеева Н. С. |
| 910 |
Корректоры записи |
__ |
| a |
Корректор записи |
Васина |
| 938 |
Служебная информация |
__ |
| a |
Имя БД |
noti |
| b |
Имя библиотеки |
УОНБ |
| c |
Имя АИБС |
МАРК-SQL |
| d |
Номер DOC_ID в БД |
12134 |